[Event "Mediterranean zonal 5 (w)"]
[Site "Sparta GRE"]
[Date "1991.??.??"]
[Round "11"]
[White "Kondou, Eva"]
[Black "Ipek, Nilufer"]
[Result "1-0"]
[WhiteElo "2175"]
[BlackElo "2065"]
[EventDate "1991.??.??"]
[PlyCount "67"]

1.e4 c5 2.Nf3 a6 3.c3 e6 4.d4 d5 5.e5 Nc6 6.Bd3 Qb6 7.O-O Bd7 8.dxc5 Bxc5 
9.Nbd2 Qc7 10.Re1 Nge7 11.Nb3 Ba7 12.Be3 Bxe3 13.Rxe3 Ng6 14.Bxg6 hxg6 15.
Nbd4 Rh5 16.Qe1 O-O-O 17.h4 Rdh8 18.g3 Kb8 19.a4 Na5 20.b3 Nc6 21.b4 Nd8 
22.b5 g5 23.Nxg5 f6 24.exf6 gxf6 25.Ngxe6 Nxe6 26.Nxe6 Qc4 27.Qe2 Qc8 28.
bxa6 Qg8 29.Qb2 Bc8 30.Qb6 R8h7 31.a7+ Ka8 32.Nc7+ Rxc7 33.Qxc7 Kxa7 34.a5
1-0

[Event "Mediterranean zonal 5 (w)"]
[Site "Sparta GRE"]
[Date "1991.??.??"]
[Round "11"]
[White "Maric, Mirjana"]
[Black "Botsari, Anna-Maria"]
[Result "1/2-1/2"]
[WhiteElo "2245"]
[BlackElo "2285"]
[EventDate "1991.??.??"]
[PlyCount "20"]

1.e4 e5 2.Nf3 Nc6 3.Nc3 Nf6 4.d4 exd4 5.Nxd4 Bb4 6.Nxc6 bxc6 7.Bd3 d5 8.
exd5 cxd5 9.Qe2+ Qe7 10.Qxe7+ Kxe7 1/2-1/2

[Event "Mediterranean zonal 5 (w)"]
[Site "Sparta GRE"]
[Date "1991.??.??"]
[Round "11"]
[White "Markovic, Gordana"]
[Black "Makropoulou, Marina"]
[Result "0-1"]
[WhiteElo "2260"]
[BlackElo "2290"]
[EventDate "1991.??.??"]
[PlyCount "106"]

1.e4 c5 2.b3 b6 3.g3 Bb7 4.Bg2 Nf6 5.Nc3 e6 6.Bb2 d6 7.f4 Be7 8.Qe2 Nc6 9.
O-O-O Nd4 10.Qf1 O-O 11.Nf3 a6 12.e5 dxe5 13.fxe5 Nd7 14.Re1 Qc7 15.Nd1 
Bxf3 16.Bxf3 Rac8 17.Be4 Nxe5 18.Qxa6 f5 19.Bg2 Bf6 20.Kb1 Kh8 21.Qf1 Rfd8
22.Qf4 Qd6 23.Ne3 b5 24.d3 Rc7 25.h4 Ra7 26.a3 Rf7 27.Rd1 h6 28.Rd2 Ra7 
29.Re1 Nef3 30.Red1 Nxd2+ 31.Rxd2 Qxf4 32.gxf4 Bxh4 33.Ka2 Rc7 34.Nf1 Kg8 
35.c3 Nc6 36.Kb1 Ne7 37.c4 bxc4 38.bxc4 Ng6 39.Be5 Nxe5 40.fxe5 Bg5 41.Rd1
Ra7 42.Ka2 Bf4 43.d4 cxd4 44.c5 d3 45.Nd2 Rc7 46.c6 Bxe5 47.Nc4 Bf6 48.Nb6
Rd6 49.Na8 Rcxc6 50.Bxc6 Rxc6 51.Rxd3 e5 52.Rb3 e4 53.a4 f4 0-1

[Event "Mediterranean zonal 5 (w)"]
[Site "Sparta GRE"]
[Date "1991.??.??"]
[Round "11"]
[White "Petraki, Maria"]
[Black "Vuksanovic, Sanja"]
[Result "0-1"]
[WhiteElo "2035"]
[BlackElo "2200"]
[EventDate "1991.??.??"]
[PlyCount "82"]

1.d4 e6 2.c4 Nf6 3.Nf3 b6 4.e3 Bb7 5.Bd3 d5 6.b3 Bb4+ 7.Nbd2 Ne4 8.O-O Nd7
9.Qc2 f5 10.Bb2 O-O 11.a3 Bd6 12.Ne5 Bxe5 13.dxe5 Nxd2 14.Qxd2 Nc5 15.Rad1
Nxb3 16.Qe2 Nc5 17.cxd5 Bxd5 18.Bc4 c6 19.f3 Qg5 20.Bd4 Qe7 21.Rc1 Nb7 22.
Ba6 c5 23.Bc3 Rad8 24.Bb5 Qc7 25.e4 fxe4 26.fxe4 Bb3 27.Bc4 Bxc4 28.Qxc4 
Qc6 29.Qe2 b5 30.Qg4 Rxf1+ 31.Rxf1 Rf8 32.Rxf8+ Kxf8 33.Qf3+ Kg8 34.Qh5 
Nd8 35.Qd1 Nf7 36.Qf3 b4 37.axb4 cxb4 38.Bxb4 Qb6+ 39.Kf1 Qxb4 40.Qd3 Nxe5
41.Qd8+ Qf8+ 0-1

[Event "Mediterranean zonal 5 (w)"]
[Site "Sparta GRE"]
[Date "1991.??.??"]
[Round "11"]
[White "Petek, Mirjana"]
[Black "Giaidzi, Aspasia"]
[Result "1-0"]
[WhiteElo "2225"]
[BlackElo "1985"]
[EventDate "1991.??.??"]
[PlyCount "51"]

1.d4 Nf6 2.Nf3 g6 3.Nc3 Bg7 4.e4 d6 5.h3 O-O 6.Be3 c6 7.Be2 b5 8.a3 Nbd7 
9.O-O Nb6 10.Nd2 Rb8 11.f4 Be6 12.Rb1 a5 13.Qe1 b4 14.axb4 axb4 15.Nd1 
Nfd7 16.f5 gxf5 17.exf5 Bd5 18.Bd3 Nf6 19.Qh4 Qc8 20.c4 bxc3 21.bxc3 c5 
22.c4 cxd4 23.Bxd4 Ba8 24.Rxb6 Rxb6 25.Bxb6 Qc6 26.Qf2 1-0